Science Quiz

Random Science or Clickable Quiz
Score 0/15 Timer 05:00
0 Plays Today
% Correct
Vocalizes with loud barks.
82.5%
Has small front flippers with claws.
80.2%
Has small & hard to see ear holes.
80.2%
Walks on land surprisingly well.
78.3%
Has external ear flaps.
77.4%
Vocalizes with soft grunts.
77.4%
Has large fore flippers used to swim.
76.4%
Crawls like a worm on land.
76.4%
% Correct
Example: Northern Fur Seal
71.2%
Rarely spends time ashore.
68.4%
Example: Walrus
66%
Hauls out in groups.
65.6%
Typically solitary.
64.2%
At risk from poor fishing practices.
62.7%
More aquadynamic pinniped.
59.4%
Remove Ads.
Support Sporcle.
Get the best of Sporcle when you Go Orange. This ad-free experience offers more features, more stats, and more fun while also helping to support Sporcle. Thank you for becoming a member.

You're not logged in!

Compare scores with friends on all Sporcle quizzes.
OR
Log In

Show Comments

Extras

Created Jan 1, 2015SourceReportNominate
Tags:Clickable Quiz, lion, sea, seal

Top Quizzes Today


Score Distribution

Your Account Isn't Verified!

In order to create a playlist on Sporcle, you need to verify the email address you used during registration. Go to your Sporcle Settings to finish the process.

Report this User

Report this user for behavior that violates our Community Guidelines.

Details: